Estadísticas para Capitales de América del Sur

Haz click aquí para intentar la prueba.

Estadísticas generales

  • Esta prueba ha sido intentada 265 veces
  • La puntuación promedio es 10 de 13

Respuestas en el mapa

Las respuestas están codificadas por una escala verde-roja en el mapa de la prueba según el % correcto abajo.
 

Estadísticas de respuestas

Respuesta% Correcto
Brasilia
96%
Lima
87%
Buenos Aires
86%
Montevideo
86%
Santiago
86%
Bogotá
84%
Quito
81%
Caracas
79%
Asunción
78%
La Paz
74%
Georgetown
70%
Paramaribo
70%
Sucre
40%

Distribución de puntuación

Porcentaje por número respondido

Porcentaje de gente con cada puntuación

Historial de tus puntuaciones

No has intentado esta prueba.